| 000 | 01612nam1a22003371 4500 | ||
|---|---|---|---|
| 001 | v19\rc\2020810 | ||
| 005 | 20260406164320.0 | ||
| 035 | _a(NLR Aleph) 005119369 | ||
| 090 |
_a7577662 _c7577662 |
||
| 100 | _a20251123 rusy50 | ||
| 101 | 1 |
_arus _clat |
|
| 102 | _aRU | ||
| 105 | _a z ||||| | ||
| 200 | 1 |
_aЭнеида _eПеснь I с введ., примеч., 27 рис. и геогр. карт. _fП. Вергилий Марон _gОбъяснил Д. Нагуевский, проф. Имп. Казан. ун-та |
|
| 205 | _a12-е изд., перепеч. без перемен с 11-го изд. Ч. 1-2 | ||
| 210 |
_aПетроград _c[С.А. Манштейн] _d1915-1916 |
||
| 215 |
_a2 т. в одном переплете _d21 |
||
| 225 | 1 | _aИллюстрированное собрание греческих и римских классиков с объяснительными примечаниями под редакцией Льва Георгиевского и Сергея Манштейна | |
| 700 | 1 |
_8rus _7ca _aВергилий Марон _bП. _gПублий _f70-19 до н.э. _3RU\NLR\AUTH\7710632 _9120399 |
|
| 702 | 1 |
_aНагуевский _bД.И. _f1845-1918 _gДарий Ильич _4570 |
|
| 790 | 1 |
_6z01700 _aМарон _bП.В. _f70-19 до н. э. _gПублий Вергилий |
|
| 801 | 0 |
_aRU _bNLR _gpsbo |
|
| 801 | 0 |
_aRU _bRuMoRGB _2psbo |
|
| 801 | 1 |
_aRU _bProSoft-M _2rusmarc |
|
| 852 |
_aNLR _j34.105.5.36 |
||
| 899 |
_aRuMoRGB _jP 46/551 |
||
| 899 |
_aRuMoRGB _jU 421/415 |
||
| 899 | _aБАН | ||
| 899 | _aНБ СПбГУ | ||
| 942 | _cBOOK | ||
| 980 | _aNB | ||